Normal view
MARC view
- Dilnawaz Rabab
Entry Personal Name
001 - CONTROL NUMBER
- control field: 24496
003 - CONTROL NUMBER IDENTIFIER
- control field: NUST
005 - DATE AND TIME OF LATEST TRANSACTION
- control field: 20191021152835.0
008 - FIXED-LENGTH DATA ELEMENTS
- fixed length control field: 191021|| aca||aabn | a|a d
040 ## - CATALOGING SOURCE
- Original cataloging agency: NUST
- Transcribing agency: NUST
100 ## - HEADING--PERSONAL NAME
- Personal name: Dilnawaz Rabab
670 ## - SOURCE DATA FOUND
- Source citation: Work cat.: (NUST): Dilnawaz Rabab , MS/Thesis:Molecular Modeling Strategies to Probe Stereoselectivity of HIV Protease Inhibitors, 2019
